00642nam a22002177a 4500003000500000005001700005008004100022010001000063011001000073035001000083040000900093082001700102100004700119245005000166260003300216300001000249650004500259650004400304650003700348650003900385CHAP20220329134924.0971013s1964 us r 00010 eng d a28118 a29090 a33201 cCHAP04a333.016bL3500aLand Tenure Center. Madison, Wis. Library.1 aBibliographyb: Agrarian reform and tenure... aMadison :bThe center,c1964 a78 p.14aAgriculturaxEstadisticasxBibliografia.14aAgriculturaxImpuestosxBibliografía.14aReforma agrariaxBibliografía.14aTierrasxTenenciaxBibliografía.